Influence of Hinduism on Indian Christians (Record no. 3889)

MARC details
000 -LEADER
fixed length control field 00618nam a2200241 a 4500
020 ## - INTERNATIONAL STANDARD BOOK NUMBER
ISBN
082 00 - DEWEY DECIMAL CLASSIFICATION NUMBER
Classification number 230.0954
Author Cutter IMM
100 ## - MAIN ENTRY--AUTHOR NAME
Author name Immanuel, Rajappan D
245 ## - TITLE STATEMENT
Title Influence of Hinduism on Indian Christians
260 ## - PUBLICATION, DISTRIBUTION, ETC. (IMPRINT)
Place of publication Jabalpur
Name of publisher Leonard Theological College
Year of publication 1950
300 ## - PHYSICAL DESCRIPTION
Number of Pages 219p
500 ## - GENERAL NOTE
General note includes index and biblioraphy
505 2# - FORMATTED CONTENTS NOTE
Formatted contents note bibliography
650 ## - SUBJECT ADDED ENTRY--TOPICAL TERM
Topical Term Theology-India
942 ## - ADDED ENTRY ELEMENTS (KOHA)
Koha item type Books
700 1# -
-- Immanuel, Rajappan D
Holdings
Home library Current library Date acquired Cost, normal purchase price Full call number Accession Number Koha item type
Henry Martyn Institute Library Henry Martyn Institute Library 06/13/2007 100.00 230.0954 IMM 8651 E-Books
                   Copyright © 2026 | Henry Martyn Institute | Hyderabad | TS-500052 | INDIA | Implemented by hmi.edu.in
Hit-Count:

Powered by Koha